| 000 | 00492nam a2200121Ia 4500 | ||
|---|---|---|---|
| 008 | 220620s9999||||xx |||||||||||||| ||und|| | ||
| 245 | 4 | _aThe Legacy of Felix Klein | |
| 546 | _aEnglish[eng] | ||
| 650 | _aEducation||Mathematics—Study and teaching ||Mathematics||History||Teaching | ||
| 700 | _aWeigand, Hans-Georg||McCallum, William||Menghini, Marta||Neubrand, Michael||Schubring, Gert | ||
| 856 | _uhttps://library.oapen.org/bitstream/20.500.12657/23022/1/1007139.pdf | ||
| 942 | _cEB | ||
| 999 |
_c33223 _d33223 |
||